Statystyki dla Quiz o Etiopii

Kliknij tutaj aby rozwiązać quiz!

Ogólne statystyki

  • Ten quiz został rozwiązany 1 541 razy
  • Średni wynik to 9 z 20

Statystyki odpowiedzi

PytanieOdpowiedź% Poprawnych
Jakie jest największe państwo, które z nią graniczy?Sudan
87%
Jakie miasto jest stolicą Etiopii?Addis Abeba
86%
A jak nazywa się najmniejsze?Dżibuti
84%
Które państwo oddzieliło się od Etiopii w 1993 roku?Erytrea
82%
Jest to także siedziba której ważnej organizacji międzynarodowej?Unia {Afrykańska}
78%
Jaki kraj zaatakował Etiopię w 1936 roku?Włochy
64%
W którym regionie geograficznym znajduje się Etiopia?{Róg} Afryki
62%
Uprawa jakiego ziarna została zapoczątkowana w Etiopii i jest dzisiaj jednym
z najczęściej eksportowanych towarów w państwie?
Kawa
54%
Jakie wydarzenie olimpijskie wygrał Abebe Bikila w latach 1960 i 1964,
nie mając na sobie butów?
Maraton
43%
Jak nazywa się rzeka, która przepływa przez to państwo?Nil {Błękitny}
43%
Pod jaką nazwą Etiopia była niegdyś znana?Abisynia
42%
Który odłam chrześcijaństwa jest praktykowany przez wielu Etiopczyków?Etiopski Kościół
{Ortodoksyjny}
33%
Posiadania jakiego starożytnego artefaktu religijnego domaga się kościół etiopijski?Arka Przymierza
32%
Jaki jest język urzędowy Etiopii?Amharski
26%
W 1974 roku w Etiopii odkryto szkielet wczesnego gatunku hominidów sprzed
3,2 miliona lat. Jakim żeńskim imieniem został nazwany ten szkielet?
Lucy
26%
Która religia czci tego cesarza jako swojego Mesjasza?Ruch Rastafari
22%
Jaka seria koncertów odbyła się w USA i Wielkiej Brytanii w celu zebrania
pieniędzy na złagodzenie głodu w Etiopii w latach 1983-1985
Live Aid
19%
Kto był cesarzem Etiopii od 1930 do 1975 roku?Hajle Syllasje I
18%
Jakie miasto w Etiopii było centrum imperium, które istniało od 100 do 940 r. n.e.?Aksum
14%
Jak nazywa się waluta Etiopii?Birr
13%

Rozkład punktacji

Percentyl według liczby udzielonych odpowiedzi

Procent ludzi z każdym wynikiem

Twoja historia wyników

Nie rozwiązałeś tego quizu